000
00229nam a2200097Ia 4500
008
230907s9999||||xx |||||||||||||| ||und||
082
_a
620.11292
_b
VOL
245
0
_a
Mechanics of soft materials /
300
_a
155 p.
942
_c
BK
999
_c
599339
_d
599339